Holubníky, voliéry, klece /

Hlavní autor: Humpl, Vítězslav
Další autoři: Keppert, Andrej
Jazyk: Čeština
Vydáno: Praha : Státní zemědělské nakladatelství, 1970
Vydání: 1. vyd.
Edice: Chovatel
Živočišná výroba (Státní zemědělské nakladatelství)
Témata:
Externí odkaz: Digitalizovaný dokument
Fyzický popis: 194 s.
Knihy
Uloženo v:
LEADER 01421nam a22003612a 4500
001 000370863
003 CZ BrMZK
005 20121010105513.0
007 ta
008 010907s1970 xr f cze d
015 |a cnb000427684 
035 |a (OCoLC)42156231 
040 |a BOA001  |b cze  |c BOA002 
100 1 |a Humpl, Vítězslav  |7 xx0145051 
245 1 0 |a Holubníky, voliéry, klece /  |c [autor:] Vítězslav Humpl, Andrej Keppert 
250 |a 1. vyd. 
260 |a Praha :  |b Státní zemědělské nakladatelství,  |c 1970 
300 |a 194 s. 
490 1 |a Chovatel 
490 1 |a Živočišná výroba 
500 |a Dostupné též v digitální podobě v aplikaci Kramerius 
700 1 |a Keppert, Andrej  |7 jx20050907030 
830 0 |a Chovatel 
830 0 |a Živočišná výroba (Státní zemědělské nakladatelství)  |0 s 
856 4 1 |u http://www.digitalniknihovna.cz/mzk/uuid/uuid:d1ee05b0-e1a8-11e4-82a1-005056827e52  |y Digitalizovaný dokument  |x NDK 
910 |a BOA001  |b PK-0060.384  |b 1-0649.549 
964 |a Holubi - chov - příručky 
964 |a Holubníky - stavby - příručky 
964 |a Ptáci cizokrajní - chov - příručky 
964 |a Voliéry - stavby - příručky 
990 |a BK 
996 6 |b 2619494690  |c 1-0649.549  |l MZK  |r Sklad / do 1 hodiny  |n 0  |w 000370863  |u 000020  |a 1  |e BOA001  |j MZK50  |s P 
996 7 |b 3119811152  |c PK-0060.384  |l MZK  |r Sklad / do 1 hodiny  |n 8  |w 000370863  |u 000010  |a 1  |e BOA001  |j MZK50  |s A